000 01386nam a2200349 i 4500
003 EG-GICUC
005 20260121101743.0
008 260119s2008 ua ||||fr|||| 00| 0 ara d
017 _a٢٠٠٧/١٥٨٦٢
020 _a976-977-6253-0-8
040 _a EG-GICUC
_bara
_c EG-GICUC
_d EG-GICUC
_erda
041 0 _aara
082 0 4 _221
_a345.612
_bهـ ش . ت
092 0 4 _221
099 _aLaw1 07 345.612 هـ ش . ت 1 ed - 2008
100 0 _aهشام محمد البدري
_eمؤلف.
245 1 0 _aتصحيح القرارات الإدارية لتفادي الحكم بعدم دستوريتها /
_cالدكتور هشام محمد البدري.
250 _aالطبعة الأولى
264 1 _aالمنصورة :
_bدار الفكر والقانون،
_c2008.
300 _a190 صفحة؛
_c24 سم.
336 _2rda content
_atext
337 _2rda media
_aComputer
338 _2rda carrier
_aOnline Resource
504 _a188-180ببليوجرافيا: صفحات.
504 _aيشتمل على إرجاعات ببليوجرافية.
546 _aالنص أغلبه باللغة العربية مع بعض النصوص الفرنسية
650 1 4 _aمشروعية القرات الإدارية
650 1 4 _aالقانون الإداري
856 4 0 _uhttps://fll.law.cu.edu.eg/fulltext/bks/B07-02134.pdf
905 _a32
942 _2ddc
_cBK
_e21
_n0
999 _c57952
_d57952